| 000 | 00391nam a22001577a 4500 | ||
|---|---|---|---|
| 003 | SGT | ||
| 020 | _a9781639270491 | ||
| 082 |
_a617.695 _bA21K |
||
| 100 | _aKeith, Gerard | ||
| 245 | _aAdvanced Dental Biomaterials | ||
| 260 |
_bAmerican Medical Publishers _c2021 |
||
| 300 | _a202 | ||
| 650 | _aDental Materials | ||
| 653 | _aDentistry; Dental MAterials; Biomaterials | ||
| 942 |
_2ddc _cBK |
||
| 999 |
_c24875 _d24875 |
||